Diagnostico critico de la eficiencia energetica en hoteles : estrategias de climatización pasiva

Wedi'i Gadw mewn:
Manylion Llyfryddiaeth
Prif Awdur: Venegas Murillo, Ronald Isidro
Fformat: Llyfr
Cyhoeddwyd: San José, C.R 2001
Pynciau:
Tagiau: Ychwanegu Tag
Dim Tagiau, Byddwch y cyntaf i dagio'r cofnod hwn!

MARC

LEADER 00000nam a2200000Ia 4500
003 008846
005 20221231144158.0
008 140114s2001 cr a m 000 ||s d
040 |c cru CEDI 
090 |a TFG 4407 
100 |a Venegas Murillo, Ronald Isidro  |9 7582 
245 |a Diagnostico critico de la eficiencia energetica en hoteles : estrategias de climatización pasiva 
260 |c 2001  |a  San José, C.R 
300 |a  163 hojas : ilustraciones a color ; 28 x 43 cm  
500 |a Tesis (licenciatura en ingeniería civil)--Universidad de Costa Rica. Facultad de Ingeniería. Escuela de Ingeniería Civil 
650 |x INDUSTRIA HOTELERA   |x  CONSERVACION DE LA ENERGIA   |x ARQUITECTURA Y CLIMA   |x ARQUITECTURA Y CONSERVACION DE LA ENERGIA   |x ENERGIA SOLAR   |x SISTEMAS PASIVOS   |x HOTELES   |x  DISEÑO Y CONSTRUCCION   |x ASPECTOS AMBIENTALES  |9 7583 
942 |c TFG 
999 |c 18032  |d 18032